| 000 | 00621nam a2200205Ia 4500 | ||
|---|---|---|---|
| 001 | 13806 | ||
| 003 | GE_BSU | ||
| 008 | 181216s||||||||xx |||||||||||||| ||und|| | ||
| 040 | _cGE_BSU | ||
| 080 | _a622.243(075) | ||
| 100 | _aОстровский,А.П. | ||
| 245 | _aНовые процесы бурения глубоких скважин. | ||
| 245 | _cВед. ред. Н.Д.Дубрович. | ||
| 260 | _aМ. | ||
| 260 | _bГостоптехиздат. | ||
| 260 | _c1960. | ||
| 300 | _a188 стр. 22 см. | ||
| 653 | _aНовые процесы бурения глубоких скважин. | ||
| 942 | _cBK | ||
| 999 |
_c46952 _d46952 |
||